| 000 | 01386 a2200229 4500 | ||
|---|---|---|---|
| 003 | Nust | ||
| 005 | 20220804105203.0 | ||
| 010 | _a 2005041824 | ||
| 020 | _a0849334179 (alk. paper) | ||
| 040 | _cNust | ||
| 082 | 0 | 0 | _a621.367,MUL |
| 245 | 0 | 0 |
_aMulti-sensor image fusion and its applications / _cedited by Rick S. Blum and Zheng Liu. |
| 260 |
_aBoca Raton, FL : _bTaylor & Francis, _c2006. |
||
| 300 |
_axv, 505 p. : _bill. ; _c24 cm. |
||
| 440 | 0 |
_aSignal processing and communications ; _v25 _995561 |
|
| 505 | _aAn Overview of Image Fusion (Page-1), Mutual Information Based Image Registration with Application to 3D Medical Brain Imagery (Page-37), Studies of Registration and Fusion of Retinal Images (Page-57), No rigid MR/US Registration for Tracking Brain Deformations (Page-107), Multisensory Data Inversion and Fusion Based on Shared Image Structure (Page-145), Entropic Graphs for Registration (Page-185), Fusion of Images from Different Eletro-Optical Sensing Modalities for Surveillance and Navigation Tasks (Page-237), A Statistical Signal Processing Approach to Image Fusion using Hidden Markov Models (Page-265). | ||
| 650 | 0 | _aTelecommunication Engineering. | |
| 700 | 1 |
_aBlum, Rick S. _996509 |
|
| 700 | 1 |
_aLiu, Zheng, _d1969 July 7- _996510 |
|
| 856 | 4 | 2 |
_3Publisher description _uhttp://www.loc.gov/catdir/enhancements/fy0648/2005041824-d.html |
| 942 |
_cREF _2ddc |
||
| 999 |
_c178683 _d178683 |
||